BEST NBA PLAYER PER TEAM - Statistics

General Stats
  • This quiz has been taken 58 times
  • The average score is 17 of 29
Answer Stats
Team Answer % Correct
Cavaliers Lebron James
93%
Celtics Larry Bird
82%
Bulls Michael Jordan
82%
Lakers Kobe Bryant
80%
Bucks Kareem Abdul-Jabbar
76%
Nuggets Nikola Jokic
76%
Spurs Tim Duncan
76%
Rockets Hakeem Olajuwon
73%
Thunder Russell Westbrook
69%
Jazz Karl Malone
67%
Timberwolves Kevin Garnett
64%
76ers Allen Iverson
60%
Heat Dwanye Wade
58%
Pistons Isaiah Thomas
58%
Knicks Patrick Ewing
58%
Pacers Reggie Miller
58%
Suns Steve Nash
58%
Mavericks Dirk Nowitski
56%
Raptors Vince Carter
56%
Pelicans Anthony Davis
51%
Nets Jason Kidd
51%
Clippers Blake Griffin
49%
Kings Oscar Robertson
49%
Trail Blazers Clyde Drexler
47%
Grizzlies Marc Gasol
47%
Magic Dwight Howard
40%
Hawks Dominique Wilkins
38%
Hornets Alonzo Mourning
22%
Wizards Gilbert Arenas
16%
No matching quizzes found
Score Distribution
Percent of People with Each Score
Percentile by Number Answered
Your Score History
You have not taken this quiz